The workplace : Chart your career

Guardat en:
Dades bibliogràfiques
Format: Sách
Idioma:Undetermined
Publicat:  Mc Graw Hill  2006
Matèries:
Etiquetes: Afegir etiqueta
Sense etiquetes, Sigues el primer a etiquetar aquest registre!
Thư viện lưu trữ: Trung tâm Thư viện - Trường Đại học Công nghiệp TP. Hồ Chí Minh
LEADER 00418nam a2200133Ia 4500
001 UIH_05113
008 231011s9999 xx 000 0 und d
082 |a  658.402 
245 0 |a  The workplace : Chart your career 
260 |b  Mc Graw Hill 
260 |c  2006 
650 |a  Quản trị điều hành;  
927 |a Sách 
980 |a Trung tâm Thư viện - Trường Đại học Công nghiệp TP. Hồ Chí Minh